000 00781nam a2200253Ia 4500
003 OSt
005 20220918170854.0
006 a|||||r|||| 00| 0
007 ta
008 220917b |||||||| |||| 00| 0 eng d
020 _a9780754624998 (hbk)
_c9986.25
024 _a240,448
037 _b28079, 30/07/2009, Segment Book Distributors
_cTextual
040 _aARTS
_cARTS
_beng
041 _2eng
_aeng
082 _aWxL29, P9
100 _aHampsher-Monk Iain Ed.
_931879
245 0 _aEdmund burke
260 _aSurrey
_bAshgate Publishing Company England
_c2009
300 _axx,469p.
_ccm.
650 _aPOLITICAL SCIENCE
942 _hWxL29, P9
_cTEXL
_2CC
999 _c136378
_d136378